A course in english phonetics for spanish speakers
Salvato in:
| Autori principali: | , |
|---|---|
| Natura: | Libro |
| Lingua: | inglese |
| Pubblicazione: |
Londres
Heinemann Educational Books
1982
|
| Soggetti: | |
| Tags: |
Aggiungi Tag
Nessun Tag, puoi essere il primo ad aggiungerne!!
|
MARC
| LEADER | 00000nam a2200000 a 4500 | ||
|---|---|---|---|
| 001 | UCQ2828 | ||
| 003 | CL-VaPUC | ||
| 008 | 980731e19820000UK |||||||||||||||||eng|d | ||
| 082 | 0 | 4 | |a 421.52 |b FIN |2 21 |
| 100 | 0 | |a Finch, Diana F |e author |9 416907 | |
| 700 | |a Ortiz Lira, Héctor |e author |9 479763 | ||
| 245 | 1 | 2 | |a A course in english phonetics for spanish speakers |
| 300 | |a 194 p | ||
| 942 | |c BK | ||
| 945 | |d 19980731 00:00:00 |a crobeson | ||
| 260 | |a Londres |b Heinemann Educational Books |c 1982 | ||
| 650 | 0 | |a Inglés |9 260023 | |
| 650 | 0 | |a Fonética |9 308371 | |
| 650 | 7 | |a PRONUNCIACION |2 CL-VaPUC |9 371723 | |
| 650 | 0 | |a Enseñanza de idiomas |9 339820 | |
| 650 | 0 | |a Educación lingüística |9 306506 | |
| 583 | |a last modification |c 19980731 00:00:00 |k Rodrigo Vera | ||
| 999 | |c 273593 |d 273591 | ||
| 952 | |0 0 |1 0 |4 0 |6 421_520000000000000_FIN_1982 |7 0 |8 A |9 309342 |a BIBEDU |b BIBEDU |d 2019-11-20 |i 1451634 |l 2 |o 421.52 FIN 1982 |p 1451634 |r 2025-04-07 |s 2025-04-07 |w 2019-11-20 |y BK |k LIT | ||
| 952 | |0 0 |1 0 |4 0 |6 421_520000000000000_FIN_1982 |7 0 |8 A |9 309343 |a BIBEDU |b BIBEDU |d 2019-11-20 |i 1451642 |o 421.52 FIN 1982 |p 1451642 |r 2019-11-20 |w 2019-11-20 |y BK |k LIT | ||